Statistics for country quiz

Click here to take the quiz!

General Stats

  • This quiz has been taken 29 times
  • The average score is 12 of 15

Answer Stats

QuestionAnswer% Correct
Which of these countries is in north americaantigua and barbuda
100%
what continent is egypt inafrica
95%
how many countries are therearound 195
95%
of these countries, which of them is in Africamorocco
95%
which country no longer existsserbia and montenegro
95%
What is the smallest countryvatican
95%
which country still existsserbia
90%
how many people live in chinaaround 1.4 billion
81%
which of these countries are smallestbelize
81%
palaupalau
81%
What country is in oceaniapalau
76%
which of these countries are newestsouth sudan
76%
Which of these countries are biggestoman
71%
Is botwana a countryno
48%
Questionpalau
38%

Score Distribution

Percentile by Number Answered

Percent of People with Each Score

Your Score History

You have not taken this quiz